000
00277nam a2200109Ia 4500
008
190912s9999||||xx |||||||||||||| ||und||
100
_a
Sharma,Vivek
245
0
_a
Developing e-Commerce Sites An Integrated Approach
260
_a
USA
_b
Addision
_c
2000
300
_a
617
942
_c
BK
999
_c
7502
_d
7502